| 000 | 00649nam a2200217Ia 4500 | ||
|---|---|---|---|
| 005 | 20241129111227.0 | ||
| 008 | 241129s9999||||xx |||||||||||||| ||und|| | ||
| 020 | _a978-93-91144-18-0 | ||
| 037 | _aTB | ||
| 040 |
_aCRL _beng _cCRL |
||
| 041 |
_aeng _2eng |
||
| 084 |
_aP44 R2 _qCRL |
||
| 100 |
_aAbbi Anvita Ed.; Vatsyayan Kapila Ed. _9723727 |
||
| 245 | 0 |
_aLinguistic diversity in south and southeast asia _cAbbi Anvita Ed.; Vatsyayan Kapila Ed. |
|
| 260 |
_aDelhi, India _bPrimus Books _c2022 |
||
| 300 | _axx,351p. | ||
| 365 |
_aINR _b1495 |
||
| 650 |
_aArabic Language _931794 |
||
| 942 |
_cTB _hP44 R2 |
||
| 999 |
_c1229474 _d1229474 |
||